| 000 | 00735cam a2200217 4500 | ||
|---|---|---|---|
| 001 | WB2609-07 | ||
| 008 | 000000n2000 000 0 eng u | ||
| 035 | _a(Sirsi) u104432 | ||
| 245 | _aSkills crisis worsening | ||
| 260 | _c2000 | ||
| 490 |
_aConstruction News _v(6654) 24 February 2000, 4(1) |
||
| 520 | _aThe construction Confederation's latest quarterly trends surveys shows that demand for private house building is worsening the shortage of skilled operatives. Table. | ||
| 590 | _aWB | ||
| 650 | _aSKILLS SHORTAGES | ||
| 650 | _aHOUSE BUILDING | ||
| 650 | _aPRIVATE HOUSING | ||
| 650 | _aSKILLED LABOURERS | ||
| 650 | _aCONSTRUCTION CONFEDERATION | ||
| 690 | _aBUILT ENVIRONMENT-CONSTRUCTION MARKET | ||
| 942 | _n0 | ||
| 999 |
_c62654 _d62654 |
||